|
|
|
|
| LEADER |
00000cam a2200000 a 4500 |
| 001 |
vtls008402101 |
| 003 |
SK-MaSNL |
| 005 |
20260302074757.0 |
| 008 |
251001s1929 xo l grf 000 0 cze |
| 015 |
|
|
|a SNBA19191938-002263
|
| 020 |
|
|
|q (brožované)
|
| 035 |
|
|
|a SK01SNKBIKKM20010094318
|
| 035 |
|
|
|a urn:nbn:sk:snk-am3i98v
|
| 035 |
|
|
|a 3D9B8027-A064-47BA-AFE5-729B2840A27C
|
| 035 |
|
|
|a urn:nbn:sk:snk-am00dy6r
|
| 035 |
|
|
|a SKM000096781
|
| 040 |
|
|
|a SNK
|b slo
|c SNK
|e AACR2
|
| 041 |
0 |
|
|a cze
|
| 044 |
|
|
|a xo
|c SK
|
| 080 |
|
|
|a 656.05
|2 1981
|
| 080 |
|
|
|a (035)
|2 2011
|
| 080 |
|
|
|a 316.772:654.15
|2 2001
|
| 080 |
|
|
|a 654.14
|2 2011
|
| 245 |
0 |
0 |
|a Telegrafní a telefonní služba železniční
|b podle platných předpisů, z úředních věstníků ministerstva železnic, věstníků ministerstva pošt a telegrafii - zvláštní vydání pro železniční telegrafní stanice
|c sestavil: Nedvěd Miroslav
|
| 260 |
|
|
|a Bratislava
|b [vydavateľ nie je známy]
|c 1929
|e Trnava
|f G. A. Bežo
|
| 300 |
|
|
|a 164 strán, VI strán obrazových príloh
|b tabuľky
|c 23 cm
|
| 650 |
0 |
7 |
|a železničná doprava
|2 SNKPH
|9 3185
|
| 650 |
0 |
7 |
|a telefonická komunikácia
|2 SNKPH
|9 98331
|
| 650 |
0 |
7 |
|a telegrafia
|2 SNKPH
|9 50929
|
| 655 |
|
7 |
|a príručky
|2 SNKPH
|9 74364
|
| 700 |
1 |
|
|a Nedvěd, Miroslav
|4 com
|9 740805
|
| 852 |
|
|
|a Slovenská národná knižnica
|
| 958 |
|
|
|a EUIPO
|
| 958 |
|
|
|a OND
|
| 958 |
|
|
|a RK
|
| 958 |
|
|
|a TL
|
| 999 |
|
|
|c 1166450
|d 1168380
|
| 952 |
|
|
|a SNK
|b SNK
|y PREZ
|7 0
|p 17A0781685
|o snkSC 5716
|i snk4742/55
|8 1
|0 0
|1 0
|4 0
|d 2017-08-31
|f 1
|l 0
|r 2025-07-04 00:00:00
|w 2026-02-24
|